Direito tributário esquematizado / (Record no. 564)

MARC details
000 -LÍDER
Campo Fixo de Controle 00731nam a2200229 a 4500
001 - NÚMERO DE CONTROLE
Campo de Controle 564
003 - IDENTIFICAÇÃO DO NÚMERO DE CONTROLE
Campo de Controle BR-CuiBMT
005 - DATA E HORA DA ÚLTIMA ATUALIZAÇÃO
Campo de Controle 20231212230517.0
008 - DADOS FIXOS
Dados Fixos 231109s2011 spba 000 0 por d
020 ## - INTERNATIONAL STANDARD BOOK NUMBER
Nº do ISBN 9788530934385
040 ## - AGÊNCIA CATALOGADORA
Código da Agência Catalogadora BR-CuiBMT
Agência que transcreveu o registro BR-CuiBMT
080 ## - Nº DA CLASSIFICAÇÃO DECIMAL UNIVERSAL
Nº edição CDU 2007
Nº Class. CDU 336.2
090 ## - NÚMERO DE CHAMADA
Nº classificação 336.2
Cutter A382d
Ano/Edição 5. ed.
100 1# - ENTRADA PRINCIPAL -- AUTOR PESSOAL
Nome pessoal Alexandre, Ricardo
245 10 - TÍTULO PRINCIPAL
Título principal Direito tributário esquematizado /
Indicação de responsabilidade Ricardo Alexandre.
250 ## - EDIÇÃO
Edição 5. ed., rev. e atual.
260 ## - PUBLICAÇÃO, DISTRIBUIÇÃO, ETC.
Local de publicação São Paulo :
Editora Método,
Data 2011.
300 ## - DESCRIÇÃO FÍSICA
N. páginas ou volumes 735 p. :
Ilustrações il. color. ;
Dimensões 23 cm +
Material adicional 1 caderno de questões (219 p. : il. ; 23 cm)
504 ## - NOTA DE BIBLIOGRAFIA, ETC.
Nota de bibliografia Inclui bibliografia.
650 ## - ASSUNTO TÓPICO
Cabeçalho tópico ou nome geográfico Direito tributário
Subdivisão geral Problemas, questões, exercícios
Subdivisão geográfica Brasil
942 ## - ELEMENTOS DE ENTRADA ADICIONAIS (KOHA)
Fonte de classificação ou esquema de arquivamento Classificação Decimal Universal
Tipo de item do Koha Livros
Holdings
Estado: removido Estado: perdido Fonte de classificação ou esquema de arquivamento Estado: danificado Indisponível para empréstimo Localização permanente Localização atual Data de aquisição Total Checkouts Número de Chamada completo Código de barras Date last seen Número do exemplar Preço efetivo a partir de Tipo de item (Koha) Especificação
    Classificação Decimal Universal     Biblioteca da Escola Superior de Contas do TCE/MT Biblioteca da Escola Superior de Contas do TCE/MT 09/11/2023   336.2 A382d 5. ed. BIBTCEMT23110364 09/11/2023 Ex. 1 09/11/2023 Livros  
    Classificação Decimal Universal     Biblioteca da Escola Superior de Contas do TCE/MT Biblioteca da Escola Superior de Contas do TCE/MT 12/12/2023   336.2 A382d 5. ed. BIBTCEMT23120428 12/12/2023 Ex. 1 12/12/2023 Livros Material adicional do Ex. 1 do livro

Powered by Koha